| 000 | 00686nam a22002057a 4500 | ||
|---|---|---|---|
| 005 | 20140306113443.0 | ||
| 010 | _aENG-108753 | ||
| 020 |
_c550.00 _a9788183640749 |
||
| 035 | _aEN-92286 | ||
| 037 | _bDBAD/PUB | ||
| 082 | _a382.09541059 | ||
| 245 |
_aA journey through the stilwell road / _cedited by Rakhee Bhattacharya [and] Binoda K. Mishra |
||
| 260 |
_aNew Delhi _bAnshah Publishing House _c2011 |
||
| 270 |
_aLG 18-19, Pankaj Central Market, Patparganj _bDelhi _e110092 |
||
| 300 |
_aviii,160p. : _c22cm(Hb) _bcol. photos |
||
| 500 | _aIncludes index | ||
| 700 | _aBhattacharya, Rakhee | ||
| 700 | _aMishra, Binoda K. | ||
| 942 |
_2ddc _cEN _mJOU _h382.09541059 |
||
| 999 |
_c81095 _d81095 |
||